[Event "N�-LL 2007_08"]
[Site "?"]
[Date "2007.10.14"]
[Round "3"]
[White "Hofbauer, Peter"]
[Black "Hansen, Kai"]
[Result "0-1"]
[WhiteElo "2066"]
[BlackElo "2193"]
[Annotator "Bad V�slau : Niederabsdorf"]
[PlyCount "141"]
[EventDate "2007.10.10"]
[SourceDate "2007.10.22"]

1. e4 c6 2. d4 d5 3. e5 Bf5 4. Bd3 Bxd3 5. Qxd3 e6 6. Nf3 Nd7 7. O-O c5 8. c3
Ne7 9. dxc5 Nxc5 10. Qb5+ Nc6 11. Bf4 Be7 12. Nbd2 O-O 13. a4 Qc7 14. Qe2 a5
15. Rfe1 Qb6 16. Reb1 Nb3 17. Nxb3 Qxb3 18. Nd4 Nxd4 19. cxd4 Rfc8 20. Qb5 Qxb5
21. axb5 Rc4 22. Bd2 Bb4 23. Be3 Bf8 24. Bd2 a4 25. Bc3 h5 26. Kf1 Bb4 27. Ke2
Bxc3 28. bxc3 Rxc3 29. Kd2 Rc4 30. Kd3 Rac8 31. Ra3 g5 32. Rb2 Kg7 33. h3 f6
34. exf6+ Kxf6 35. g3 Ke7 36. f4 gxf4 37. gxf4 Rg8 38. Re2 Rb4 39. Re3 Rg2 40.
f5 Rxb5 41. Kc3 Rb6 42. Rxa4 Rg5 43. fxe6 Rxe6 44. Rf3 Rf6 45. Re3+ Kd6 46. Ra8
Kc6 47. Rh8 Kb5 48. Kd3 Ra6 49. Rc8 Ra3+ 50. Ke2 Rxe3+ 51. Kxe3 Rf5 52. Rc1 b6
53. h4 Rf6 54. Rg1 Kc4 55. Rc1+ Kb4 56. Ra1 Kc3 57. Rc1+ Kb2 58. Rg1 Kc2 59.
Rg5 Rd6 60. Rxh5 b5 61. Rh8 Re6+ 62. Kf4 Re4+ 63. Kf5 b4 64. h5 Rxd4 65. h6 b3
66. h7 b2 67. Rc8+ Rc4 68. h8=Q b1=Q 69. Rxc4+ dxc4 70. Qd4 Kb3+ 71. Ke6 0-1

[Event "N�-LL 2007_08"]
[Site "?"]
[Date "2007.10.14"]
[Round "3"]
[White "Vyskocil, Neklan"]
[Black "Penz, Harald"]
[Result "1-0"]
[WhiteElo "2346"]
[BlackElo "2329"]
[Annotator "Mauerbach : Zwettl"]
[PlyCount "77"]
[EventDate "2007.10.14"]
[SourceDate "2007.10.14"]

1. c4 Nf6 2. Nc3 d5 3. cxd5 Nxd5 4. g3 e5 5. Bg2 Be6 6. Nf3 Nc6 7. d3 Be7 8.
O-O O-O 9. Nxd5 Bxd5 10. Bd2 Nd4 11. e4 Nxf3+ 12. Bxf3 Be6 13. Bc3 Bf6 14. Bg2
Qd6 15. Qc2 Rfd8 16. Rad1 Bg4 17. f3 Bd7 18. Rfe1 Bb5 19. Bf1 Rd7 20. a4 Ba6
21. b4 c6 22. f4 Qe7 23. Qb2 exf4 24. e5 Bg5 25. b5 cxb5 26. axb5 fxg3 27. hxg3
Bxb5 28. Qxb5 Rad8 29. d4 Qe6 30. Bg2 Rc7 31. d5 Qg4 32. Qd3 Rdc8 33. Bd4 Rc2
34. Qf3 Qd7 35. e6 Qe8 36. d6 fxe6 37. Qxb7 Qf7 38. Qxf7+ Kxf7 39. Bh3 1-0

 38. Qxf7+ Kxf7 39. Bh3 1-0

[Event "N�-LL 2007_08"]
[Site "?"]
[Date "2007.10.14"]
[Round "3"]
[White "Neumeier, Klaus"]
[Black "Vykydal, Frantisek"]
[Result "0-1"]
[WhiteElo "2289"]
[BlackElo "2240"]
[Annotator "Mauerbach : Zwettl"]
[PlyCount "43"]
[EventDate "2007.10.14"]
[SourceDate "2007.10.14"]

1. e4 Nf6 2. e5 Nd5 3. d4 d6 4. c4 Nb6 5. Nf3 Nc6 6. exd6 exd6 7. Nc3 Be7 8.
Be3 Bg4 9. h3 Bh5 10. g4 Bg6 11. Qb3 a5 12. c5 dxc5 13. dxc5 a4 14. Nxa4 Qd5
15. cxb6 (15. Bg2) 15... Qxf3 16. Rg1 Nb4 17. Rc1 c6 18. a3 Qd5 19. Qxd5 Nxd5
20. Nc5 O-O-O 21. Bg2 Rhe8 22. Ke2 {Mitschriften nicht lesbar} 0-1

-O-O 21. Bg2 Rhe8 22. Ke2 {Mitschriften nicht lesbar} 0-1

[Event "N�_LL 2007_08"]
[Site "?"]
[Date "2007.10.14"]
[Round "3"]
[White "Wagner, Stefan"]
[Black "Wei�enbeck, Manuel"]
[Result "1/2-1/2"]
[WhiteElo "2126"]
[BlackElo "2238"]
[Annotator "Mauerbach : Zwettl"]
[PlyCount "71"]
[EventDate "2007.10.14"]
[SourceDate "2007.10.14"]

1. e4 c5 2. Nf3 d6 3. c4 e5 4. Nc3 Ne7 5. Be2 Nbc6 6. O-O Ng6 7. a3 Be7 8. Rb1
O-O 9. b4 b6 10. d3 f5 11. Nd5 Bf6 12. b5 Nce7 13. Nxe7+ Qxe7 14. a4 Nf4 15.
Ne1 fxe4 16. dxe4 Bb7 17. Bf3 Ne6 18. g3 Bg5 19. Bg2 Bxc1 20. Qxc1 Nd4 21. Qd2
Qe6 22. Qd3 Rae8 23. Nc2 Qh6 24. Rbe1 Qh5 25. f3 Re7 26. Rf2 Ref7 27. Ref1 Bc8
28. Qd1 Be6 29. Ne3 Rf6 30. Nd5 Rh6 31. Bh1 Bxd5 32. exd5 Rhf6 33. Bg2 Qh6 34.
Qd3 g5 35. Qe4 Qg6 36. Qxg6+ 1/2-1/2

. Qe4 Qg6 36. Qxg6+ 1/2-1/2

[Event "N�_LL 2007_08"]
[Site "?"]
[Date "2007.10.14"]
[Round "3"]
[White "Schorn, Christoph"]
[Black "Mlynek"]
[Result "0-1"]
[WhiteElo "2154"]
[BlackElo "2188"]
[Annotator "Mauerbach : Zwettl"]
[PlyCount "67"]
[EventDate "2007.10.14"]
[SourceDate "2007.10.14"]

1. e4 d6 2. d4 Nf6 3. Nc3 g6 4. f4 Bg7 5. Nf3 c5 6. Bb5+ Bd7 7. Bxd7+ Nfxd7 8.
d5 O-O 9. O-O Na6 10. Qe2 Nc7 11. e5 a6 12. a4 b6 13. Bd2 Rb8 14. Be1 b5 15.
axb5 axb5 16. Bh4 f6 17. exd6 exd6 18. Ne4 Nb6 19. f5 Nbxd5 20. fxg6 hxg6 21.
Ra7 Re8 22. Qd3 c4 23. Qd4 g5 24. Nxd6 Qxd6 25. Rxc7 Qxc7 26. Qxd5+ Qf7 27.
Qxf7+ Kxf7 28. Nxg5+ Kg6 29. Nh3 f5 30. Nf4+ Kh7 31. c3 b4 32. Nd5 bxc3 33.
bxc3 Re5 34. Nf6+ 0-1

 33.
bxc3 Re5 34. Nf6+ 0-1

[Event "N�-LL 2007_08"]
[Site "?"]
[Date "2007.10.28"]
[Round "4"]
[White "Hangweyrer, Manfred"]
[Black "Csonka, Attila"]
[Result "0-1"]
[WhiteElo "2372"]
[BlackElo "2312"]
[Annotator "Schwarzatal : Stockerau"]
[PlyCount "26"]
[EventDate "2007.10.10"]
[SourceDate "2007.10.29"]

1. e4 c5 2. Nc3 Nc6 3. Bb5 e6 4. Bxc6 bxc6 5. Nf3 d5 6. O-O Nf6 7. d3 Be7 8. b3
Ba6 9. Re1 O-O 10. Bb2 Rb8 11. h3 Qc7 12. Na4 Bb5 13. Be5 Bd6 0-1

[Event "N�-LL 2007_08"]
[Site "?"]
[Date "2007.10.28"]
[Round "4"]
[White "Weinwurm, Wolfgang"]
[Black "Schmid, Thomas"]
[Result "1-0"]
[WhiteElo "2069"]
[BlackElo "2201"]
[Annotator "Schwarzatal : Stockerau"]
[PlyCount "79"]
[EventDate "2007.10.10"]
[SourceDate "2007.10.29"]

1. e4 c5 2. Nf3 d6 3. d4 cxd4 4. Nxd4 Nf6 5. Nc3 e6 6. g3 Nc6 7. Bg2 Bd7 8. O-O
a6 9. Re1 Rc8 10. Nxc6 Bxc6 11. a4 b6 12. Qe2 Bb7 13. Bf4 Qc7 14. Red1 Nd7 15.
Rac1 Be7 16. Nb1 O-O 17. Rd2 Qc6 18. Rcd1 e5 19. Be3 Qxe4 20. b3 Qc6 21. c4 b5
22. Na3 b4 23. Nc2 a5 24. h4 f5 25. Rd5 f4 26. gxf4 Qc7 27. fxe5 Bxd5 28. exd6
Bxd6 29. Rxd5 Bh2+ 30. Kh1 Nf6 31. Rc5 Qd6 32. Rxa5 Be5 33. Rb5 Rcd8 34. Bf3
Bc3 35. Bc5 Qe6 36. Bxf8 Qh3+ 37. Kg1 Rxf8 38. Ne3 Ra8 39. Nf1 Be5 40. Rxe5 1-0

[Event "N�-LL 2007_08"]
[Site "?"]
[Date "2007.10.28"]
[Round "4"]
[White "Schirmbeck, Hannes"]
[Black "Braun, Karl Heinz"]
[Result "1-0"]
[WhiteElo "2191"]
[BlackElo "2036"]
[Annotator "Schwarzatal : Stockerau"]
[PlyCount "93"]
[EventDate "2007.10.10"]
[SourceDate "2007.10.29"]

1. d4 Nf6 2. Nf3 g6 3. g3 Bg7 4. Bg2 d5 5. c4 O-O 6. cxd5 Nxd5 7. O-O c6 8. e4
Nb6 9. Na3 Bg4 10. Be3 Qd7 11. Qd2 Rd8 12. Rad1 Na6 13. b3 Nc7 14. Nc2 Ne8 15.
Rfe1 Qc7 16. Qe2 e5 17. h3 exd4 18. Bxd4 Bxf3 19. Qxf3 Bxd4 20. Nxd4 Qe5 21.
Qe3 Qa5 22. e5 Ng7 23. a4 Nd5 24. Qd2 Qxd2 25. Rxd2 Nb4 26. Red1 Kf8 27. f4 Ke7
28. Kf2 Ne6 29. Nxe6 Rxd2+ 30. Rxd2 Kxe6 31. Ke3 Rc8 32. h4 Ke7 33. Be4 h5 34.
f5 gxf5 35. Bxf5 Rg8 36. Rd7+ Kf8 37. Kf3 Na6 38. Rxb7 Nc5 39. Rxa7 Nxb3 40.
Ra8+ Kg7 41. Rxg8+ Kxg8 42. Kf4 Na5 43. Kg5 c5 44. Kxh5 c4 45. Kg4 c3 46. Kf4
Nc4 47. g4 1-0

[Event "N�-LL 2007_08"]
[Site "?"]
[Date "2007.10.28"]
[Round "4"]
[White "Degen, Gerhard"]
[Black "Sadilek, Maximilian"]
[Result "1-0"]
[WhiteElo "2095"]
[BlackElo "2107"]
[Annotator "Schwarzatal : Stockerau"]
[PlyCount "53"]
[EventDate "2007.10.10"]
[SourceDate "2007.10.29"]

1. e4 c5 2. Nf3 Nc6 3. Bb5 Nf6 4. Nc3 g6 5. O-O Bg7 6. Re1 O-O 7. d3 Qc7 8. e5
Ng4 9. Nd5 Qd8 10. Bg5 Re8 11. c3 a6 12. Ba4 b5 13. Bb3 Ngxe5 14. Nxe5 Nxe5 15.
f4 Nc6 16. f5 d6 17. fxg6 hxg6 18. Qf3 Ne5 19. Rxe5 Bxe5 20. Nxe7+ Rxe7 21.
Qxa8 c4 22. Bxe7 Qxe7 23. Qxc8+ Kg7 24. dxc4 Qh4 25. Qh3 Qe4 26. cxb5 d5 27.
Qf3 1-0

[Event "N�-LL 2007_08"]
[Site "?"]
[Date "2007.10.28"]
[Round "4"]
[White "Kleiser, Gregor"]
[Black "Denk, Adolf"]
[Result "1-0"]
[WhiteElo "2302"]
[BlackElo "2259"]
[Annotator "St.P�lten : Niederabsdorf"]
[PlyCount "25"]
[EventDate "2007.10.10"]
[SourceDate "2007.11.03"]

1. d4 d5 2. c4 e6 3. Nc3 Be7 4. Bf4 c6 5. e3 Nf6 6. Nf3 Nbd7 7. c5 Ne4 8. Rc1
f5 9. Ne5 O-O 10. f3 Nxe5 11. Bxe5 Ng5 12. Be2 Rf7 13. f4 {Rest nicht lesbar}
1-0

[Event "N�-LL 2007_08"]
[Site "?"]
[Date "2007.10.28"]
[Round "4"]
[White "Ganaus, Hannes"]
[Black "Hansen, Kay"]
[Result "1/2-1/2"]
[WhiteElo "2340"]
[BlackElo "2193"]
[Annotator "St.P�lten : Niederabsdorf"]
[PlyCount "56"]
[EventDate "2007.10.10"]
[SourceDate "2007.11.03"]

1. d4 d5 2. c4 c6 3. Nf3 Nf6 4. Qc2 e6 5. Bg5 Be7 6. e3 O-O 7. Bd3 dxc4 8. Bxc4
b6 9. O-O Nbd7 10. Rd1 Bb7 11. Nc3 Nd5 12. Bxe7 Qxe7 13. Nxd5 exd5 14. Bf1 Rac8
15. Qc3 Rc7 16. b4 Rfc8 17. Rac1 Qd6 18. Rc2 h6 19. Rdc1 Kf8 20. a4 Kg8 21. Qb2
Kf8 22. g3 Qf6 23. Bg2 c5 24. bxc5 bxc5 25. Qa3 Qe7 26. Bh3 c4 27. Qxe7+ Kxe7
28. Ne5 Bc6 1/2-1/2

[Event "N�-LL 2007_08"]
[Site "?"]
[Date "2007.10.28"]
[Round "4"]
[White "Teuber, Andreas"]
[Black "R�hrl, Karl"]
[Result "0-1"]
[WhiteElo "2156"]
[BlackElo "2221"]
[Annotator "St.P�lten : Niederabsdorf"]
[PlyCount "47"]
[EventDate "2007.10.10"]
[SourceDate "2007.11.03"]

1. d4 d6 2. e4 Nf6 3. Nc3 c6 4. f4 Qa5 5. Qd3 e5 6. Nf3 Nbd7 7. Bd2 Qc7 8.
O-O-O Be7 9. fxe5 dxe5 10. d5 O-O 11. Be1 Nc5 12. Qe2 a5 13. Bg3 Bg4 14. h3 Bh5
15. Bh2 Bd6 16. g4 Bg6 17. Nd2 cxd5 18. exd5 Na4 19. Nde4 Nxe4 20. Nxa4 Rfc8
21. Bg2 Ng3 22. Bxg3 Qxc2+ 23. Qxc2 Rxc2+ 24. Kb1 0-1

[Event "N�-LL 2007_08"]
[Site "?"]
[Date "2007.10.28"]
[Round "4"]
[White "Wallner, Erich"]
[Black "Wiedermann, Daniel"]
[Result "1/2-1/2"]
[WhiteElo "2192"]
[BlackElo "2078"]
[Annotator "St.P�lten : Niederabsdorf"]
[PlyCount "57"]
[EventDate "2007.10.10"]
[SourceDate "2007.11.03"]

1. d4 d5 2. Bg5 Nc6 3. e3 f6 4. Bh4 Nh6 5. Bg3 Nf5 6. Bb5 a6 7. Ba4 e6 8. Ne2
Bd6 9. c4 Bxg3 10. Nxg3 Nfe7 11. cxd5 exd5 12. Nc3 O-O 13. O-O Qd6 14. Bc2 Be6
15. Qd2 Kh8 16. Rac1 b6 17. Bd3 Nb4 18. Be2 Bd7 19. a3 Nbc6 20. b4 b5 21. Bxb5
axb5 22. Nxb5 Qe6 23. Nxc7 Qd6 24. Nxa8 Rxa8 25. Ra1 Nc8 26. b5 Na5 27. Qb4 Nc4
28. Rfb1 Rxa3 29. Rxa3 1/2-1/2

[Event "N�-LL 2007_08"]
[Site "?"]
[Date "2007.10.28"]
[Round "4"]
[White "Kummer, Helmut"]
[Black "Holemar, David"]
[Result "1-0"]
[WhiteElo "2324"]
[BlackElo "2324"]
[Annotator "Zwettl : Bad V�slau/Kottingbrunn"]
[PlyCount "21"]
[EventDate "2007.10.10"]
[SourceDate "2007.11.03"]

1. d4 Nf6 2. c4 Nc6 3. Nf3 e6 4. g3 Bb4+ 5. Bd2 Qe7 6. Bg2 O-O 7. O-O Bxd2 8.
Qxd2 d6 9. Nc3 a5 10. Rad1 h6 11. Rfe1 {Rest nicht lesbar} 1-0

[Event "N�-LL 2007_08"]
[Site "?"]
[Date "2007.10.28"]
[Round "4"]
[White "Vykydal, Frantisek"]
[Black "Lampl, Gerald"]
[Result "0-1"]
[WhiteElo "2240"]
[BlackElo "2094"]
[Annotator "Zwettl : Bad V�slau/Kottingbrunn"]
[PlyCount "64"]
[EventDate "2007.10.10"]
[SourceDate "2007.11.03"]

1. e4 c6 2. d3 d5 3. Nd2 Nf6 4. Be2 Qc7 5. Ngf3 Bg4 6. Nd4 Bxe2 7. Qxe2 Nbd7 8.
O-O e6 9. b3 Bb4 10. N4f3 Bc3 11. Rb1 Qa5 12. a3 O-O 13. b4 Qc7 14. Rb3 Ba1 15.
a4 Ne5 16. Ba3 dxe4 17. dxe4 Nxf3+ 18. Rxf3 Be5 19. Rh3 Rfd8 20. Nf3 Rd7 21.
Ne1 Rd4 22. f3 a5 23. Nd3 Rd7 24. f4 Bc3 25. e5 Nd5 26. Nc5 Bd4+ 27. Kh1 Bxc5
28. bxc5 Rad8 29. f5 exf5 30. c4 Nf4 31. Rxf4 Qxe5 32. Re3 Rd1+ 0-1

[Event "N�-LL 2007_08"]
[Site "?"]
[Date "2007.10.28"]
[Round "4"]
[White "Brehovsky, Paul"]
[Black "Wagner, Stefan"]
[Result "1/2-1/2"]
[WhiteElo "2100"]
[BlackElo "2126"]
[Annotator "Zwettl : Bad V�slau/Kottingbrunn"]
[PlyCount "72"]
[EventDate "2007.10.10"]
[SourceDate "2007.11.03"]

1. d4 Nf6 2. Nf3 e6 3. e3 b6 4. Be2 Bb7 5. O-O Be7 6. c4 O-O 7. Nc3 Ne4 8. Qc2
f5 9. Ne1 Nxc3 10. Qxc3 d6 11. b4 Nd7 12. Bb2 Bf6 13. Qc2 g6 14. Rc1 c5 15.
bxc5 dxc5 16. Bf3 Qc7 17. Bxb7 Qxb7 18. Nf3 Qc7 19. Rfd1 Rad8 20. e4 cxd4 21.
Bxd4 Bxd4 22. Nxd4 Nc5 23. exf5 exf5 24. Nb5 Qe7 25. Nc3 Rfe8 26. Nd5 Qg7 27.
g3 Rd6 28. Nf4 Red8 29. Rxd6 Rxd6 30. Rd1 Qd7 31. Rd5 Rxd5 32. Nxd5 Qg7 33. Qd2
Qe5 34. Qg5 Qe1+ 35. Kg2 Qe4+ 36. Kg1 Qe1+ 1/2-1/2

[Event "N�-LL 2007_08"]
[Site "?"]
[Date "2007.10.28"]
[Round "4"]
[White "Mlynek, Petr"]
[Black "Hofbauer, Peter"]
[Result "1-0"]
[WhiteElo "2188"]
[BlackElo "2066"]
[Annotator "Zwettl : Bad V�slau/Kottingbrunn"]
[PlyCount "49"]
[EventDate "2007.10.10"]
[SourceDate "2007.11.03"]

1. d4 Nf6 2. c4 c5 3. d5 e6 4. Nc3 exd5 5. cxd5 d6 6. e4 g6 7. f4 Bg7 8. e5
dxe5 9. fxe5 Nh5 10. Bb5+ Bd7 11. Nf3 O-O 12. Bxd7 Qxd7 13. O-O Re8 14. Qe2 Na6
15. Bg5 h6 16. Bd2 Qg4 17. Qb5 Qb4 18. Rae1 Rad8 19. d6 Bxe5 20. Nxe5 Qd4+ 21.
Be3 Qxe5 22. Bf2 Rxd6 23. Qxe8+ Qxe8 24. Rxe8+ Kg7 25. Re7 1-0

[Event "N�-LL 2007_08"]
[Site "?"]
[Date "2007.10.28"]
[Round "4"]
[White "Knoll, Hermann"]
[Black "Svanda, Pavel"]
[Result "1-0"]
[WhiteElo "2373"]
[BlackElo "2246"]
[Annotator "Waidhofen : P�chlarn"]
[PlyCount "49"]
[EventDate "2007.10.10"]
[SourceDate "2007.11.06"]

1. d4 Nf6 2. c4 g6 3. Nc3 d5 4. Nf3 Bg7 5. cxd5 Nxd5 6. e4 Nxc3 7. bxc3 c5 8.
Be3 O-O 9. Qd2 Bg4 10. Ng5 cxd4 11. cxd4 Nc6 12. h3 Bd7 13. Rc1 e5 14. dxe5
Nxe5 15. f4 h6 16. fxe5 hxg5 17. Bxg5 Qe8 18. Rc7 Bc6 19. Re7 Qb8 20. Bc4 b5
21. Bb3 Bxe4 22. O-O Bf5 23. Kh1 Be6 24. Bxe6 fxe6 25. Rxg7+ 1-0

[Event "N�-LL 2007_08"]
[Site "?"]
[Date "2007.10.28"]
[Round "4"]
[White "Brychta, David"]
[Black "Kostic, Vladimir"]
[Result "0-1"]
[WhiteElo "2160"]
[BlackElo "2347"]
[Annotator "Waidhofen : P�chlarn"]
[PlyCount "86"]
[EventDate "2007.10.10"]
[SourceDate "2007.11.06"]

1. Nf3 e6 2. c4 f5 3. g3 Nf6 4. Bg2 Be7 5. O-O O-O 6. b3 d6 7. d4 Ne4 8. Qc2
Bf6 9. Bb2 Nc6 10. Rd1 Qe7 11. Nc3 Nxc3 12. Bxc3 e5 13. d5 Nd8 14. e4 g6 15.
Ne1 Nf7 16. exf5 Bxf5 17. Be4 Bxe4 18. Qxe4 Ng5 19. Qe3 e4 20. Rd2 Nh3+ 21. Kg2
Bg5 22. Qd4 Bxd2 23. Qh8+ Kf7 24. Qxh7+ Ke8 25. Qxg6+ Qf7 26. Qxe4+ Kd8 27.
Bxd2 Qxf2+ 28. Kxh3 Rh8+ 29. Kg4 Qxd2 30. Nf3 Qh6 31. h4 Qg7+ 32. Ng5 Qxa1 33.
Nf7+ Kc8 34. Qe6+ Kb8 35. Nxh8 Qxh8 36. h5 a5 37. h6 Ka7 38. Kh5 Rd8 39. Kg6
Rg8+ 40. Qxg8 Qxg8+ 41. Kf6 Qxg3 42. h7 Qe5+ 43. Kf7 Qh8 0-1

[Event "N�-LL 2007_08"]
[Site "?"]
[Date "2007.10.28"]
[Round "4"]
[White "Weinzettl, Ernst"]
[Black "Kropik, Martin"]
[Result "1-0"]
[WhiteElo "2290"]
[BlackElo "2089"]
[Annotator "Waidhofen : P�chlarn"]
[PlyCount "55"]
[EventDate "2007.10.10"]
[SourceDate "2007.11.06"]

1. e4 c5 2. Nf3 Nc6 3. d4 cxd4 4. Nxd4 g6 5. c4 Nf6 6. Nc3 d6 7. Be2 Nxd4 8.
Qxd4 Bg7 9. Bg5 O-O 10. Qd2 a6 11. f3 Rb8 12. Rd1 Be6 13. O-O Qc7 14. Rc1 Rfc8
15. b3 Qa5 16. f4 b5 17. f5 Bd7 18. e5 dxe5 19. fxg6 Be6 20. gxf7+ Kxf7 21. Bh6
bxc4 22. Qg5 Qb6+ 23. Kh1 Bxh6 24. Bh5+ Kf8 25. Qxh6+ Kg8 26. Rf3 Nxh5 27. Qxh5
Qd4 28. Rd1 1-0

[Event "N�-LL 2007_08"]
[Site "?"]
[Date "2007.10.28"]
[Round "4"]
[White "Rosenauer, Harald"]
[Black "Kranzl, Peter"]
[Result "1/2-1/2"]
[WhiteElo "1981"]
[BlackElo "2234"]
[Annotator "Waidhofen : P�chlarn"]
[PlyCount "44"]
[EventDate "2007.10.10"]
[SourceDate "2007.11.06"]

1. Nf3 Nf6 2. g3 g6 3. Bg2 Bg7 4. O-O O-O 5. c4 d6 6. d4 c6 7. Nc3 Bf5 8. Re1
Ne4 9. Nd2 Nxc3 10. bxc3 Qa5 11. Bb2 Bc8 12. e4 Nd7 13. Nf1 Nb6 14. Ne3 Be6 15.
Bf1 c5 16. Nd5 Bxd5 17. exd5 Bf6 18. Qb3 Rfc8 19. Rac1 Rc7 20. Re4 Rac8 21. Bh3
Rd8 22. Bf1 Rdc8 1/2-1/2

[Event "N�-LL 2007_08"]
[Site "?"]
[Date "2007.10.28"]
[Round "4"]
[White "Spacek, Petr"]
[Black "Wetscherek, Gerhard"]
[Result "1-0"]
[WhiteElo "2393"]
[BlackElo "2070"]
[Annotator "Bisamberg : Krems"]
[PlyCount "64"]
[EventDate "2007.10.10"]
[SourceDate "2007.11.06"]

1. d4 Nf6 2. c4 g6 3. Nc3 d6 4. e4 Bg7 5. Be2 c6 6. f4 h5 7. Nf3 d5 8. e5 Ng4
9. O-O e6 10. b4 a6 11. a4 b6 12. Bd2 Bb7 13. Ra2 Nd7 14. Qb1 Nh6 15. Rc1 Nf5
16. c5 O-O 17. Bd3 Qc7 18. cxb6 Qxb6 19. a5 Qd8 20. Na4 Qe7 21. Rb2 Rfc8 22.
Rc3 Bf8 23. Nc5 Rc7 24. Nxb7 Rxb7 25. Rxc6 Nb8 26. Rc8 Raa7 27. b5 Qd7 28. b6
Ra8 29. Rbc2 Ne7 30. R8c7 Rxc7 31. Rxc7 Qa4 32. Ra7 Qc6 1-0

[Event "N�-LL 2007_08"]
[Site "?"]
[Date "2007.10.28"]
[Round "4"]
[White "Sadilek, Peter"]
[Black "Mahdy, Khaled"]
[Result "0-1"]
[WhiteElo "2110"]
[BlackElo "2396"]
[Annotator "Bisamberg : Krems"]
[PlyCount "80"]
[EventDate "2007.10.10"]
[SourceDate "2007.11.06"]

1. e4 Nc6 2. Nf3 e5 3. Bb5 a6 4. Ba4 d6 5. c3 Bd7 6. O-O Nge7 7. d3 g6 8. a3
Bg7 9. h3 O-O 10. d4 Kh8 11. Re1 Qe8 12. d5 Nd8 13. Bxd7 Qxd7 14. c4 f5 15. Nc3
Ng8 16. b4 Nf7 17. c5 Nf6 18. Ng5 Nxg5 19. Bxg5 Nxe4 20. Nxe4 fxe4 21. Bh4 e3
22. Rxe3 Rf4 23. Bg3 Rd4 24. Qb3 dxc5 25. Bxe5 c4 26. Qc3 Rxd5 27. Bxg7+ Qxg7
28. Qxg7+ Kxg7 29. Re7+ Kf6 30. Rxc7 b5 31. a4 Rad8 32. Kh2 R8d7 33. Rc6+ R7d6
34. Rc8 h5 35. Rc7 Ke5 36. Rb1 Kd4 37. Rc1 Kd3 38. Kg3 Kd2 39. Rb1 Kc2 40. Ra1
c3 0-1

[Event "N�-LL 2007_08"]
[Site "?"]
[Date "2007.10.28"]
[Round "4"]
[White "W�ber, Friedrich"]
[Black "Hirsch, Andreas"]
[Result "1-0"]
[WhiteElo "2103"]
[BlackElo "2055"]
[Annotator "Bisamberg : Krems"]
[PlyCount "75"]
[EventDate "2007.10.10"]
[SourceDate "2007.11.06"]

1. e4 d6 2. d4 Nf6 3. Nc3 g6 4. f4 Bg7 5. Nf3 c5 6. Bb5+ Bd7 7. Bxd7+ Qxd7 8.
dxc5 dxc5 9. Be3 Na6 10. Ne5 Qxd1+ 11. Rxd1 b5 12. Nxb5 Nxe4 13. Rd3 O-O 14.
Ke2 Nb4 15. Rd7 f6 16. Nd3 e5 17. fxe5 fxe5 18. Nxc5 Nf6 19. Rxg7+ Kxg7 20.
Ne6+ Kg8 21. Nxf8 Rxf8 22. Rf1 Nbd5 23. Bg5 Rf7 24. Bxf6 Nxf6 25. Nxa7 Rxa7 26.
Rxf6 Rxa2 27. Rb6 Ra1 28. Rb7 e4 29. b4 Rg1 30. Kf2 Rd1 31. Rc7 g5 32. b5 Rb1
33. c4 h6 34. Ke3 Re1+ 35. Kd2 Rb1 36. Kc2 Rg1 37. b6 Rxg2+ 38. Kc3 1-0

[Event "N�-LL 2007_08"]
[Site "?"]
[Date "2007.10.28"]
[Round "4"]
[White "Seidler, Dieter"]
[Black "Walter, Martin"]
[Result "1/2-1/2"]
[WhiteElo "1912"]
[BlackElo "1987"]
[Annotator "Bisamberg : Krems"]
[PlyCount "43"]
[EventDate "2007.10.10"]
[SourceDate "2007.11.06"]

1. d4 Nf6 2. c4 g6 3. Nc3 d5 4. cxd5 Nxd5 5. e4 Nxc3 6. bxc3 Bg7 7. Bc4 c5 8.
Be3 cxd4 9. cxd4 Qa5+ 10. Qd2 Nc6 11. Qxa5 Nxa5 12. Bb5+ Bd7 13. Bxd7+ Kxd7 14.
Nf3 Rac8 15. Kd2 a6 16. Rac1 e6 17. Kd3 b5 18. Rxc8 Rxc8 19. Rc1 Nc6 20. Rb1
Bf6 21. h3 Be7 22. Bd2 1/2-1/2

[Event "N�_LL 2007_08"]
[Site "Bachwirt, Ardaggerstr. 28"]
[Date "2007.10.28"]
[Round "4"]
[White "Wadsack, Wolfgang"]
[Black "Heimberger, Reinhard"]
[Result "1/2-1/2"]
[WhiteElo "2210"]
[BlackElo "2229"]
[Annotator "Amstetten : B�hlerwerk"]
[PlyCount "110"]
[EventDate "2007.10.28"]
[SourceDate "2007.10.28"]

1. e4 c5 2. c3 Nf6 3. e5 Nd5 4. d4 cxd4 5. cxd4 d6 6. Nf3 Nc6 7. Bc4 e6 8. O-O
Be7 9. Qe2 O-O 10. Nc3 dxe5 11. dxe5 Nxc3 12. bxc3 Qc7 13. Qe4 b6 14. Bd3 g6
15. Bh6 Rd8 16. Rad1 Bb7 17. Qf4 Rd7 18. Be4 Rad8 19. Rxd7 Rxd7 20. h4 Ba6 21.
Re1 Bd3 22. h5 Bxe4 23. Qxe4 Na5 24. hxg6 hxg6 25. Qf4 Qc4 26. Re4 Qxa2 27. Ng5
Bc5 28. g3 Bxf2+ 29. Qxf2 Rd1+ 30. Re1 Rxe1+ 31. Qxe1 Qc2 32. Ne4 Nc4 33. Nd6
Qd3 34. Bf4 Qd5 35. Ne8 Qf3 36. Nf6+ Kg7 37. Ne4 a5 38. Nd6 Nb2 39. Qd2 Nd3 40.
Qg2 Qd1+ 41. Qf1 Ne1 42. Bh6+ Kxh6 43. Qf4+ Kh7 44. Qxf7+ Kh8 45. Qe8+ Kg7 46.
Qd7+ Kg8 47. Qxe6+ Kh7 48. Qd7+ Kg8 49. Qd8+ Kh7 50. Qh4+ Kg8 51. Qc4+ Kh8 52.
Qc8+ Kh7 53. Qd7+ Kg8 54. Qf7+ Kh8 55. Qf6+ Kh7 1/2-1/2

[Event "N�_LL 2007_08"]
[Site "Bachwirt, Ardaggerstr. 28"]
[Date "2007.10.28"]
[Round "4"]
[White "Strobel, Ferdinand"]
[Black "Bachmayer, Josef"]
[Result "1-0"]
[WhiteElo "2015"]
[BlackElo "2084"]
[Annotator "Amstetten : B�hlerwerk"]
[PlyCount "129"]
[EventDate "2007.10.28"]
[SourceDate "2007.10.28"]

1. f4 d5 2. Nf3 Nf6 3. g3 h5 4. Bg2 h4 5. Nxh4 Nc6 6. d4 Bg4 7. Be3 Qd7 8. Nc3
Bh3 9. Bf3 e6 10. Qd2 Bb4 11. Qd3 O-O-O 12. O-O-O Ne7 13. Bd2 Ng4 14. Bxg4 Bxg4
15. Nf3 Bxf3 16. exf3 Rh3 17. Rdg1 Rdh8 18. Rg2 Nf5 19. Ne2 Be7 20. Be1 Qa4 21.
Kb1 Nd6 22. b3 Qb5 23. Qxb5 Nxb5 24. a4 Nd6 25. Bb4 Nf5 26. Bxe7 Nxe7 27. Nc3
R3h7 28. h4 Nf5 29. Ne2 Kd7 30. Kc1 g6 31. Kd2 b6 32. c3 c5 33. dxc5 bxc5 34.
Kd3 Rb8 35. Rb1 c4+ 36. Kd2 cxb3 37. Rb2 Nd6 38. Kd3 Nc4 39. Rb1 b2 40. Nd4 a6
41. Nc2 Rhh8 42. Ne3 Nxe3 43. Kxe3 Rb3 44. Kd3 Rc8 45. Rc2 Rc4 46. a5 Rc5 47.
Rbxb2 Rxb2 48. Rxb2 Rxa5 49. Rb7+ Ke8 50. Kd4 Kf8 51. g4 Ra1 52. f5 gxf5 53.
gxf5 exf5 54. Kxd5 Rd1+ 55. Ke5 Rd3 56. c4 Kg7 57. f4 Rc3 58. Rb4 Kg6 59. h5+
Kxh5 60. Kxf5 Kh4 61. Kf6 Kh5 62. Ra4 Kg4 63. f5 Rf3 64. c5+ Kh5 65. Rc4 1-0